| 000 | 01122cab a2200193 4500 | ||
|---|---|---|---|
| 001 | L129307 | ||
| 008 | 050408n2005 000 0 eng u | ||
| 035 | _a(Sirsi) u129307 | ||
| 041 | _aeng | ||
| 100 | _aReekie, Peter | ||
| 245 | _aDevelopment land and the right to roam: part I | ||
| 260 | _c2005 | ||
| 490 |
_aEMIS Property Service _v3(3) March 2005, 6-8(3) |
||
| 520 | _aDevelopers considering purchasing vacant land now need to consider a further issue in addition to all the other factors potentially affecting development land: the right to roam. Whilst this is not strictly speaking a new right - it was created by the Countryside and Rights of Way Act 2000 - it is only relatively recently that commencement orders have been made to bring areas of the country into the regime and therefore it is only recently that the need to do a right to roam search has begun to be appreciated by practitioners. [Taken from journal abstract]. | ||
| 590 | _aIKA150405 | ||
| 650 | _aCOUNTRYSIDE AND RIGHTS OF WAY ACT 2000 | ||
| 690 | _aPROPERTY-RURAL AND NATURAL ASSETS-RURAL AND NATURAL ASSET DEVELOPMENT | ||
| 942 | _n0 | ||
| 999 |
_c75057 _d75057 |
||